000 005150000a22001810004500
003 MACL
005 20260217171122.0
008 160405b xxu||||| |||| 00| 0 eng d
040 _aMACL
_cMACL
041 _aHindi
082 _a080
100 _aप्रदीप कुमार
_950612
245 _aअमृत वचन
260 _bकिरण प्रकाशन
_c2007
_aदिल्‍ली
350 _a175
650 _aसामान्‍य वर्ग
_950613
942 _cHIN
_k370/KUM
_2ddc
999 _c42788
_d42788